Estampas del camino
Spremljeno u:
| Glavni autor: | |
|---|---|
| Format: | Knjiga |
| Jezik: | Undetermined |
| Izdano: |
San José, Costa Rica
Imprenta Trejos
1933
|
| Teme: | |
| Oznake: |
Dodaj oznaku
Bez oznaka, Budi prvi tko označuje ovaj zapis!
|
MARC
| LEADER | 00000nam a2200000Ia 4500 | ||
|---|---|---|---|
| 008 | 170316s9999 xx 000 0 und d | ||
| 040 | |a cru BVZT | ||
| 090 | |a 868 D-10e | ||
| 100 | |a Dobles, Gonzalo | ||
| 245 | |a Estampas del camino | ||
| 260 | |a San José, Costa Rica |b Imprenta Trejos |c 1933 | ||
| 300 | |a 51 páginas | ||
| 650 | |a LITERATURA COSTARRICENSE | ||
| 942 | |c 15 D | ||
| 999 | |c 10893 |d 10893 | ||
